Personnages de Harry Potter (+180) - Statistiques

Statistiques générales
  • Ce quiz a été pris 375 fois
  • Le résultat moyen est 115 sur 183
Statistiques - réponses
Hint Réponse % Correct
D Albus Dumbledore
95%
P Harry Potter
94%
W Ron Weasley
94%
P James Potter
92%
P Lily Potter
92%
L Luna Lovegood
92%
R Severus Rogue
92%
B Sirius Black
92%
W Arthur Weasley
91%
W Bill Weasley
91%
W Fred Weasley
91%
W Fred Weasley Jr
91%
W George Weasley
91%
W Charlie Weasley
90%
M Drago Malfoy
90%
M Lucius Malfoy
90%
W Molly Weasley
90%
W Molly Weasley Jr
90%
W Ginny Weasley
89%
B Katie Bell
89%
M Narcissa Malfoy
89%
W Percy Weasley
89%
L Remus Lupin
89%
V Lord Voldemort
88%
D Cédric Diggory
86%
L Bellatrix Lestrange
85%
D Fleur Delacour
85%
G Hermione Granger
85%
L Neville Londubat
85%
M Minerva McGonagall
83%
T Nymphadora Tonks
83%
Q Quirinus Quirell
83%
T Ted Tonks
83%
D Abelforth Dumbledore
82%
O Dolores Ombrage
82%
C Pomona Chourave
82%
D Vernon Dursley
82%
K Viktor Krum
82%
C Cho Chang
81%
D Dudley Dursley
81%
K Igor Karkaroff
81%
D Petunia Dursley
81%
C Reginal Cattermole
81%
H Rubeus Hagrid
81%
P Peter Pettigrow
80%
W Rose Weasley
80%
M Alastor Maugrey
79%
D Ariana Dumbledore
79%
T Dean Thomas
79%
D Dobby
79%
F Filius Flitwick
79%
A Hannah Abbot
79%
H Hedwige
79%
L Xenophilius Lovegood
79%
D Amos Diggory
78%
T Andromeda Tonks
78%
J Angelina Johnson
78%
L Gilderoy Lockhart
78%
G Gregory Goyle
78%
C Vincent Crabbe
77%
S Helena Serdaigle
76%
P Pansy Parkinson
76%
W Hugo Weasley
75%
B Regulus Black
75%
S Rowena Serdaigle
75%
S Salazar Serpentard
75%
P Poppy Pomfresh
74%
T Sibylle Trelawney
74%
P Albus Severus Potter
73%
P Helga Poufsouffle
73%
P Padma Patil
73%
P Parvati Patil
73%
R Argus Rusard
72%
F Cornelius Fudge
72%
D Gabrielle Delacour
72%
D Olivier Dubois
72%
K Kreattur
71%
B Lavande Brown
71%
P Lily Luna Potter
71%
D Marjorie Dursley
71%
M Olympe Maxime
71%
P James Sirius Potter
70%
N Nick Quasi Sans Tête
70%
L Alice Londubat
69%
Z Blaise Zabini
69%
L Teddy Lupin
69%
B Buck
68%
B Frank Bryce
68%
S Horace Slughorn
68%
C Colin Crivey
67%
L Frank Londubat
67%
B Le Baron Sanglant
67%
J Lee Jordan
67%
P Pattenrond
67%
C Alecto Carrow
66%
C Amycus Carrow
66%
C Bartemius Croupton Jr
65%
T Bathilda Tourdesac
65%
O Garrick Ollivander
65%
G Fenrir Greyback
64%
F Firenze
64%
G Elvis Gaunt
63%
S Kingsley Shacklebolt
63%
W Victoire Weasley
63%
F Mondingus Fletcher
61%
N Nagini
61%
M Ernie Macmillan
60%
G Mimi Geignnarde
60%
P Peeves
60%
S Rufus Scrimgeour
60%
W Winky
60%
M Scorpius Malfoy
59%
M Le Moine Gras
58%
G Merope Gaunt
58%
B Phineas Black
58%
A Aragog
57%
M Cormac McLaggen
57%
B Cuthbert Binns
57%
D Antonin Dolohov
56%
G Gellert Grindelwald
56%
C Crockdur
55%
S Rita Sketer
55%
L Augusta Londubat
54%
W Dominique Weasley
54%
D Norbert Dragonneau
54%
R Stan Rocade
54%
S Alicia Spinnet
52%
C Dennis Crivey
52%
G La Grosse Dame
51%
W Roxanne Weasley
51%
S Aurora Sinistra
50%
G Graup
50%
P Irma Pince
50%
F Justin Finch-Fletchley
50%
W Louis Weasley
50%
F Arabella Figg
49%
D Elphias Doge
49%
V Romilda Vane
48%
W Lucy Weasley
47%
F Marcus Flint
47%
L Rodolphus Lestrange
47%
F Fumseck
46%
G Astoria Greengrass
45%
C Coquecigrue
45%
P Ignotus Peverell
45%
B Charity Burbage
44%
T Miss Teigne
44%
S Zacharias Smith
44%
V Ludovic Verpey
43%
B Susan Bones
43%
B Millicent Bulstrode
42%
F Nicolas Flamel
40%
L Rabastan Lestrange
40%
B Bane
38%
W Muriel Weasley
38%
G Anthony Goldstein
36%
D Dedalus Diggle
36%
G Godric Gryffondor
36%
D Pénélope Deauclaire
36%
G Wilhelmina Gobe-Planche
36%
B Amelia Bones
33%
V Emmeline Vance
32%
N Theodore Nott
32%
E Marietta Edgecombe
31%
R Rosmerta
31%
B Barjow
30%
B Caractacus Beurk
30%
R Evan Rosier
29%
J Hestia Jones
28%
C Michael Corner
28%
F Seamus Finnigan
26%
B Terry Boot
26%
D Armando Dippet
25%
G Gregorovitch
24%
J Gwenog Jones
24%
F Florian Fortarôme
23%
A Avery
14%
R Demelza Robins
14%
B Silvanus Brûlopot
14%
C Bartemius Croupton Sr
11%
D John Dawlish
11%
C Richie Coote
9%
C Choixpeau magique
8%
Aucun quiz correspondant
Distribution des résultats
% des personnes avec chaque résultat
Percentile par nombre de réponses
Votre historique - résultats
Vous n’avez pas pris ce quiz